Central Library OPAC University of Rajshahi

A Textbook of Aquaculture / (Record no. 14233)

MARC details
000 -LEADER
fixed length control field 00770nam a2200253 a 4500
001 - CONTROL NUMBER
control field 14233
003 - CONTROL NUMBER IDENTIFIER
rucl marc code BD-RjUL
005 - DATE AND TIME OF LATEST TRANSACTION
control field 20211208235607.0
008 - FIXED-LENGTH DATA ELEMENTS--GENERAL INFORMATION
fixed length control field 140205s2004 ii a|||| b||| 001 0 eng d
020 ## - INTERNATIONAL STANDARD BOOK NUMBER
International Standard Book Number 8171414826
035 ## - SYSTEM CONTROL NUMBER
System control number (BD-RjUL)14285
040 ## - CATALOGING SOURCE
Original cataloging agency BD-RjUL
Language of cataloging eng
Transcribing agency BD-RjUL
041 ## - LANGUAGE CODE
Language code of text/sound track or separate title eng
082 04 - DEWEY DECIMAL CLASSIFICATION NUMBER
Edition number 20
Classification number 639.8
Author mark and year RET 2004
100 1# - MAIN ENTRY--PERSONAL NAME
Personal name Reddy, Srinivasulu M.
9 (RLIN) 44472
245 12 - TITLE STATEMENT
Title A Textbook of Aquaculture /
Statement of responsibility, etc. Srinivasulu Reddy, K R S Sambasiva Rao
260 ## - PUBLICATION, DISTRIBUTION, ETC. (IMPRINT)
Place of publication, distribution, etc. New Delhi :
Name of publisher, distributor, etc. Discovery Pub. House RED,
Date of publication, distribution, etc. c1999 [reprint 2004].
300 ## - PHYSICAL DESCRIPTION
Pagination 286 p. :
Illustrations ill. ;
Size 22 cm.
490 ## - SERIES STATEMENT
Series statement Applied Science Series
504 ## - BIBLIOGRAPHY, ETC. NOTE
Bibliography, etc Include bibliography and index.
650 ## - SUBJECT ADDED ENTRY--TOPICAL TERM
Topical term or geographic name as entry element Aquaculture.
9 (RLIN) 44280
700 ## - ADDED ENTRY--PERSONAL NAME
Personal name Rao, K. R. S. Sambasiva
942 ## - ADDED ENTRY ELEMENTS (KOHA)
Source of classification or shelving scheme Dewey Decimal Classification
Koha item type Books
Holdings
Lost status Source of classification or shelving scheme Damaged status Not for loan Collection code Permanent Location Current Location Shelving location Date acquired Source of acquisition Cost, normal purchase price Total Checkouts Full call number Date last seen Copy number Koha item type
  Dewey Decimal Classification     Non-fiction Central Library, University of Rajshahi Central Library, University of Rajshahi   30/08/2009 Dhaka Ahsania Book Dist. House 1770.00   639.8 RET 2004 05/02/2014 C-3 Books
  Dewey Decimal Classification     Non-fiction Central Library, University of Rajshahi Central Library, University of Rajshahi   09/10/2005 Dhaka,Paragon Enterprise Lit., 525.00   639.8 RET 2004 13/11/2016 C-2 Books
  Dewey Decimal Classification   Not For Loan Non-fiction Central Library, University of Rajshahi Central Library, University of Rajshahi Reading Room 09/10/2005 Dhaka,Paragon Enterprise. 525.00   639.8 RET 2004 21/03/2017 C-1 Books